| 000 | 00749nam a2200229 u 4500 | ||
|---|---|---|---|
| 005 | 20240228064112.0 | ||
| 008 | 121120s2011 r 000 0 eng d | ||
| 020 | _a9789708051668 | ||
| 035 | _aUPN01000188749 | ||
| 049 | _aI | ||
| 050 | 4 |
_aPZ28 _bL4.6 |
|
| 100 | 1 |
_aLestrade, Agnès de, _d1964- _932936 |
|
| 245 | 1 | 0 |
_aPapá mío : _bLa peculiar fámilia de Myrtille / _cAgnès de Lestrade ; il. de Guillaume Decaux ; tr. de Teresa Sanz de Larios. |
| 260 |
_aMéxico : _bAuroch, _c2011. |
||
| 300 |
_a29 p. : _bil. |
||
| 440 | 0 | _aPrimeras Lecturas | |
| 534 |
_pTítulo original: _tMon papa á moi |
||
| 650 | 4 |
_aLiteratura infantil francesa _913687 |
|
| 650 | 4 |
_aLibros y lectura para niños _92290 |
|
| 905 | _aInfantil | ||
| 999 |
_c160852 _d160852 |
||